Sztuka podstępu : łamałem ludzi, nie hasła /

সংরক্ষণ করুন:
গ্রন্থ-পঞ্জীর বিবরন
প্রধান লেখক: Mitnick, Kevin D. (1963- )
সংস্থা লেখক: Helion
অন্যান্য লেখক: Dobrzański, Jarosław (Tłumaczenie), Simon, William L. (1930- )
বিন্যাস: গ্রন্থ
ভাষা:পোলিশ
ইংরেজি
প্রকাশিত: Gliwice : "Helion", cop. 2003.
বিষয়গুলি:
ট্যাগগুলো: ট্যাগ যুক্ত করুন
কোনো ট্যাগ নেই, প্রথমজন হিসাবে ট্যাগ করুন!

MARC

LEADER 00000nam a2200000 i 4500
001 991020545679705066
005 20260515140229.0
008 030409s2003 pl |000 0 pol
020 |a 8373611088 
020 |a 8373611169 
035 |a 991020545679705066 
035 |a (PL-WaBN)b15571178-48omnis_nlop 
035 |a b15571178 
035 |a (OCoLC)827745914 
035 |a zz2003847065 
035 |a (PL)b0000001557117 
035 |a (EXLNZ-48OMNIS_NETWORK)9910521025405606 
040 |a WA N  |c WA N  |d WA N 
041 1 |a pol  |h eng 
080 |a 004.6/.7:004.056:304.44 
090 |c 139  |d 138 
100 1 |a Mitnick, Kevin D.  |d (1963- ) 
240 1 0 |a Art of deception  |l (pol.) 
245 1 0 |a Sztuka podstępu :  |b łamałem ludzi, nie hasła /  |c Kevin Mitnick & William Simon ; [tł. Jarosław Dobrzański]. 
246 1 |i Tyt. oryg.:  |a Art of deception 
260 |a Gliwice :  |b "Helion",  |c cop. 2003. 
300 |a 380 s. ;  |c 22 cm. 
500 |a Tyt. oryg.: "The art of deception : controling the human element of security" 2002. 
504 |a Bibliogr. 
650 7 |a Cyberprzestępczość 
650 2 |a Zabezpieczenia komputerowe 
650 2 |a Oszustwo 
650 2 |a Manipulacja (psychologia) 
650 7 |a Baza danych 
650 7 |a Ochrona danych 
650 7 |a Cyberbezpieczeństwo 
650 7 |a Sieć komputerowa 
650 7 |a Socjotechnika 
700 1 |a Dobrzański, Jarosław  |e Tłumaczenie 
700 1 |a Simon, William L.  |d (1930- ) 
710 2 |a Helion 
920 |a 83-7361-108-8 : zł 39,90 
942 |c K 
952 |0 0  |1 0  |4 0  |6 R__102_000000000000000  |7 0  |9 130  |a RYT  |b RYT  |d 2026-05-13  |e 1/2014  |g 39.90  |l 0  |o R.102  |p 2000000001029  |r 2026-05-15 14:02:29  |w 2026-05-15  |y BK  |z da 
999 |c 130  |d 130